000 00314nam a2200133Ia 4500
008 240624s9999 xx 000 0 und d
041 _aeng
082 _a823 SAW
100 _aSAWANT SHIVAJI
245 _aSRIKRISHNA THE LORD OF THE UNIVERSE
260 _aPune
300 _a1066 pages ; , 23 cm
365 _cRS
999 _c31326
_d31326